• 首页
  • 本馆介绍
  • 公告通知
  • 最新文献
  • 馆藏检索
  • 电子资源
  • 读者导购
  • 参考咨询
  • 我的图书馆
  • 登录
  • 详细信息显示
  • 放入我的书架
  • 预约/预借图书
  • 作者相关作品
  • 分类相关作品
  • 丛书相关作品
  • 出版社相关作品

书目信息

  • 表格格式
  • 工作单格式
  • 卡片格式
题名:
生物力能学
    
 
作者: 尼柯尔斯 , Nicholls 著 ;张玉中 , 阎一林 译
分册:  
出版信息: 北京   科学出版社  1987
页数: 194页
开本: 19cm
丛书名:
单 册:
中图分类: Q67 , Q5
科图分类:
主题词: 生物力能学 , 生物化学
电子资源:
ISBN:
000 00978nam0 2200337 45
001 0187010561
005 20040701160819.8
010    @dCNY1.55
091    @a13031.3623
100    @a19900830d1987 em y0chiy0121 ea
101 1  @achi@ceng
102    @aCN@b110000
105    @af z 000yy
106    @ar
200 10 @a生物力能学@Asheng wu li neng xue@e化学渗透理论介绍@f(美)尼柯尔斯(Nicholls,D.G.)著@g张玉中, 阎一林译
210    @a北京@c科学出版社@d1987
215    @a194页@c图@d19cm
300    @a书名原文: Bioenergetics.
510 1  @aBioenergetics
517 1  @a化学渗透理论介绍@Ahua xue shen tou li lun jie shao
606    @a生物力能学
606 0  @a生物化学
690    @aQ67@v3
690    @aQ5@v3
701  1 @a尼柯尔斯@Ani ke er si@bD.G.@4著
701 A1 @aNicholls@bD.G.@4著
702  0 @a张玉中@Azhang yu zhong@4译
702  0 @a阎一林@Ayan yi lin@4译
801  0 @aCN@b深圳图书馆@c20040525
801  2 @aCN@bNLC@c20040525
905    @dQ5@e50@f1@b216773
    
    生物力能学:化学渗透理论介绍/(美)尼柯尔斯(Nicholls,D.G.)著/张玉中, 阎一林译.-北京:科学出版社,1987
    194页:图;19cm
    书名原文: Bioenergetics.
    
    ISBN :CNY1.55
    
●
相关链接 在E读中查询图书 在五车中查询图书 在当当中查询图书 在豆瓣中查询图书


正题名:生物力能学     索取号:Q5/50         预约/预借

序号 登录号 条形码 馆藏地/架位号 状态 备注
1 0216773   001944588   第三借阅区/ [索取号:Q5/50] 在馆    
2 0216774   000703153   第三借阅区/ [索取号:Q5/50] 在馆    
3 0216775   000703117   第二样本阅览室/ [索取号:Q5/50] 在馆    
唐山师范学院图书馆 欢迎您!
大连网信软件有限公司© 版权所有